[Event "Nez rouge A"]
[Site "Gatineau CAN"]
[Date "2006.11.21"]
[Round "1"]
[White "Laferriere, Bruno"]
[Black "Pepin, Christian"]
[Result "1-0"]
[WhiteElo "1844"]
[BlackElo "2048"]
[PlyCount "203"]
[EventDate "2006.11.21"]
[EventType "swiss"]
[EventRounds "5"]
[EventCountry "CAN"]

1. e4 c6 2. d4 d5 3. Nd2 dxe4 4. Nxe4 Nd7 5. Nf3 Ngf6 6. Ng3 e6 7. Bd3 c5 8. c3
Bd6 9. O-O Qc7 10. Re1 O-O 11. Bd2 Rb8 12. Ne4 Nxe4 13. Rxe4 h6 14. Rh4 f5 15.
Qe2 Nf6 16. dxc5 Bxc5 17. Rc4 b5 18. Bf4 bxc4 19. Bxc7 cxd3 20. Qxd3 Rxb2 21.
Nd4 Bb6 22. Bxb6 Rxb6 23. Nb3 e5 24. f3 e4 25. Qd4 exf3 26. gxf3 Nh7 27. Kf2
Bb7 28. Re1 Ng5 29. Re7 Rf7 30. Rxf7 Kxf7 31. Qd7+ Kg8 32. Nd4 f4 33. Qe8+ Kh7
34. Qe2 Rg6 35. Qd3 h5 36. Ke1 Bc8 37. h4 Ne6 38. Nxe6 Bxe6 39. Qe4 Bf7 40.
Qxf4 Bxa2 41. Qa4 Bd5 42. Qxa7 Bxf3 43. c4 Rc6 44. c5 Bg4 45. Kd2 Kg6 46. Qe7
Rc8 47. Kc3 Kf5 48. Kb4 Kf4 49. Kc4 Kf5 50. Qf7+ Ke4 51. Qxg7 Kf4 52. Qe7 Kg3
53. Kb5 Kh3 54. c6 Rb8+ 55. Kc5 Rg8 56. c7 Ra8 57. Kb6 Rg8 58. Qd8 Rg6+ 59. Kc5
Rg7 60. c8=Q Bxc8 61. Qxc8+ Kxh4 62. Kd4 Kg3 63. Qc3+ Kg4 64. Ke3 Re7+ 65. Kf2
Rf7+ 66. Kg2 Rf4 67. Qd3 Kg5 68. Qe3 Kf5 69. Kh3 Rg4 70. Qe8 Kg5 71. Qg8+ Kh6
72. Qd5 Kg6 73. Qe5 Kh6 74. Qf6+ Kh7 75. Kh2 Rg6 76. Qe5 Kh6 77. Qh8+ Kg5 78.
Kg3 Re6 79. Qd8+ Rf6 80. Qd2+ Kg6 81. Kh4 Rf5 82. Qd6+ Kf7 83. Qh6 Re5 84. Kg3
Rf5 85. Kg2 Ke7 86. Qg6 Re5 87. Kf3 Rd5 88. Ke4 Rc5 89. Kd4 Ra5 90. Qb6 Rg5 91.
Ke4 Kf7 92. Qc6 Kg7 93. Qd6 Kh7 94. Qc6 Kg7 95. Qd6 Kh7 96. Kf4 Rg6 97. Qe5
Rg4+ 98. Kf5 Rg8 99. Qf6 Rg4 100. Qf7+ Kh6 101. Qe8 Rg5+ 102. Kf6 1-0

[Event "Nez rouge A"]
[Site "Gatineau CAN"]
[Date "2006.11.21"]
[Round "1"]
[White "Laurin, Jacques"]
[Black "Szalay, Karoly"]
[Result "0-1"]
[WhiteElo "1811"]
[BlackElo "1865"]
[PlyCount "74"]
[EventDate "2006.11.21"]
[EventType "swiss"]
[EventRounds "5"]
[EventCountry "CAN"]

1. c4 c5 2. g3 Nc6 3. Bg2 g6 4. Nf3 Bg7 5. Nc3 e5 6. d3 Nge7 7. Ng5 d6 8. O-O
h6 9. Nge4 f5 10. Nd2 O-O 11. Nf3 Be6 12. Bd2 Qd7 13. Qc1 Kh7 14. h4 a6 15. Kh2
Rab8 16. a4 Ng8 17. Rh1 Nf6 18. Kg1 Nh5 19. Bh3 f4 20. Bxe6 Qxe6 21. Ne4 Qg4
22. Kg2 fxg3 23. fxg3 Nd4 24. Qd1 b5 25. axb5 axb5 26. Ra7 bxc4 27. Rf1 d5 28.
Nxe5 Qe6 29. Rxf8 Rxf8 30. Nd7 Rd8 31. Nexc5 Qg4 32. Qe1 Re8 33. e4 Qf3+ 34.
Kh2 Ne2 35. Bxh6 Kxh6 36. Qd2+ Nhf4 37. gxf4 Qf2+ 0-1

[Event "Nez rouge A"]
[Site "Gatineau CAN"]
[Date "2006.11.21"]
[Round "1"]
[White "Libersan, Mattieu"]
[Black "Laurin, Marcel"]
[Result "1-0"]
[WhiteElo "1953"]
[BlackElo "1632"]
[PlyCount "63"]
[EventDate "2006.11.21"]
[EventType "swiss"]
[EventRounds "5"]
[EventCountry "CAN"]

1. e4 b6 2. d4 Bb7 3. Nc3 d6 4. Nf3 e6 5. Bb5+ c6 6. Bd3 Nd7 7. Be3 a6 8. Qd2
h6 9. O-O-O Qc7 10. Rhe1 O-O-O 11. d5 c5 12. Qe2 b5 13. e5 b4 14. Ne4 exd5 15.
Nxd6+ Bxd6 16. exd6 Qa5 17. Kb1 Ngf6 18. Bb5 Kb8 19. Bf4 Rhe8 20. Ne5 Nxe5 21.
Bxe5 Nd7 22. Bxd7 Rxd7 23. Qg4 Bc6 24. Qxg7 c4 25. Bd4 Rxe1 26. Rxe1 b3 27.
Re8+ Kb7 28. axb3 cxb3 29. cxb3 Qd2 30. Qh8 Qd3+ 31. Ka2 Ba4 32. Rb8+ 1-0

[Event "Nez rouge A"]
[Site "Gatineau CAN"]
[Date "2006.11.21"]
[Round "1"]
[White "Thibault, Mario"]
[Black "Malette, Martin"]
[Result "1/2-1/2"]
[WhiteElo "1645"]
[BlackElo "2057"]
[PlyCount "69"]
[EventDate "2006.11.21"]
[EventType "swiss"]
[EventRounds "5"]
[EventCountry "CAN"]

1. Nf3 g6 2. g3 Bg7 3. Bg2 d6 4. d3 c5 5. e4 e5 6. O-O Ne7 7. Nc3 O-O 8. Rb1
Nbc6 9. a3 f5 10. Bg5 h6 11. Bxe7 Nxe7 12. exf5 gxf5 13. Nh4 f4 14. Nd5 Nf5 15.
Nxf5 Bxf5 16. b4 b6 17. Qe2 Kh8 18. g4 Be6 19. Be4 Rg8 20. Kh1 Qg5 21. Rg1 Rad8
22. f3 Rd7 23. Qg2 Bf8 24. Qf2 Rdg7 25. Rg2 h5 26. h4 Qd8 27. g5 Be7 28. c4 Qd7
29. Rgg1 Rc8 30. b5 Bf5 31. Kh2 Bd8 32. Ra1 Be6 33. a4 Bxd5 34. Bxd5 Qe8 35.
Be4 1/2-1/2

[Event "Nez rouge A"]
[Site "Gatineau CAN"]
[Date "2006.11.28"]
[Round "2"]
[White "Brousseau, Yvan"]
[Black "Thibault, Mario"]
[Result "1/2-1/2"]
[WhiteElo "2074"]
[BlackElo "1645"]
[PlyCount "150"]
[EventDate "2006.11.21"]
[EventType "swiss"]
[EventRounds "5"]
[EventCountry "CAN"]

1. Nf3 d5 2. b3 Bg4 3. Bb2 Bxf3 4. exf3 Nf6 5. Qe2 c6 6. g3 e6 7. Bg2 Be7 8.
O-O O-O 9. d3 Nfd7 10. f4 Bf6 11. d4 c5 12. c3 cxd4 13. cxd4 Nc6 14. Rd1 Qb6
15. Qe3 Nb4 16. Rd2 Rfc8 17. Nc3 a6 18. Bh3 Re8 19. g4 g6 20. g5 Bg7 21. Rad1
Nc6 22. Qd3 Qd8 23. Qg3 Ne7 24. Re1 Nf8 25. Na4 Qd6 26. Nc5 b6 27. Nd3 Nf5 28.
Bxf5 exf5 29. Ne5 f6 30. gxf6 Bxf6 31. Rc1 Rac8 32. Rdc2 Rxc2 33. Rxc2 Bxe5 34.
fxe5 Qd8 35. Qd3 Ne6 36. Qg3 Ng7 37. Kf1 Nh5 38. Qf3 Qd7 39. Ba3 Ng7 40. Bd6
Qb5+ 41. Kg1 Ne6 42. Qc3 Nf4 43. Qd2 Ne6 44. Ba3 Qd7 45. Bb2 Rc8 46. Qc1 Rxc2
47. Qxc2 Qc7 48. Qxc7 Nxc7 49. Kf1 Kf7 50. Ke2 Ne6 51. Ke3 b5 52. Bc3 Ke7 53.
a4 Kd7 54. axb5 axb5 55. Bb2 Ke8 56. Kd2 Kd7 57. Kc3 Kc6 58. Kb4 Kb6 59. Bc3
Nd8 60. Bd2 Ne6 61. Kc3 Kc6 62. h4 Kc7 63. Kd3 Kd7 64. Bg5 Ke8 65. Bh6 Kd7 66.
Be3 Kc6 67. h5 Kd7 68. hxg6 hxg6 69. Kc3 Kc6 70. Bc1 Kb6 71. Ba3 Ka5 72. Bc5
Ka6 73. Kb4 Nf4 74. Kc3 Kb7 75. Kb4 Ka6 1/2-1/2

[Event "Nez rouge A"]
[Site "Gatineau CAN"]
[Date "2006.11.28"]
[Round "2"]
[White "Chartrand, Jean Bruno"]
[Black "Guimond, Michel"]
[Result "1-0"]
[WhiteElo "1824"]
[BlackElo "1811"]
[PlyCount "115"]
[EventDate "2006.11.21"]
[EventType "swiss"]
[EventRounds "5"]
[EventCountry "CAN"]

1. d4 g6 2. c4 Bg7 3. e4 d6 4. Nc3 Nd7 5. Nf3 c6 6. Be2 e5 7. d5 c5 8. O-O a6
9. Ne1 Nh6 10. Be3 f5 11. f3 f4 12. Bf2 O-O 13. Nd3 g5 14. b4 b6 15. a4 Nf6 16.
a5 g4 17. axb6 g3 18. hxg3 fxg3 19. Bxg3 Nh5 20. Bf2 Qg5 21. Qc1 Nf4 22. Nxf4
exf4 23. bxc5 Bh3 24. g3 Bd4 25. Kh2 dxc5 26. Bxd4 Bxf1 27. Bxc5 Qh5+ 28. Kg1
fxg3 29. Kxf1 Qh1+ 30. Bg1 g2+ 31. Kf2 Ng4+ 32. Kg3 Nf6 33. Bd4 Nh5+ 34. Kf2
Qh4+ 35. Ke3 Kf7 36. Kd2 Rg8 37. c5 Nf4 38. Bc4 g1=Q 39. Bxg1 Rg2+ 40. Ne2 Nxe2
41. Bxe2 Rag8 42. Be3 Qh2 43. Rxa6 Rxe2+ 44. Kd3 Rgg2 45. Ra7+ Kg6 46. Qc3
Rxe3+ 47. Kxe3 Qg1+ 48. Kd3 Qd1+ 49. Kc4 Qf1+ 50. Kd4 Qg1+ 51. Ke5 Qh2+ 52. Ke6
Kh6 53. Qe3+ Rg5 54. Rxh7+ Kxh7 55. Qxg5 Qb8 56. Qe7+ Kg6 57. b7 Qg8+ 58. Kd7
1-0

[Event "Nez rouge A"]
[Site "Gatineau CAN"]
[Date "2006.11.28"]
[Round "2"]
[White "Gagnon, Fabien"]
[Black "Villeneuve, Luc"]
[Result "1-0"]
[WhiteElo "2008"]
[BlackElo "1560"]
[PlyCount "50"]
[EventDate "2006.11.21"]
[EventType "swiss"]
[EventRounds "5"]
[EventCountry "CAN"]

1. d4 f5 2. c4 Nf6 3. Nf3 g6 4. g3 Bg7 5. Bg2 c6 6. O-O O-O 7. Nc3 d6 8. Qd3
Nh5 9. Bf4 Nxf4 10. gxf4 Bh6 11. e3 Na6 12. a3 e6 13. Rfd1 Nc7 14. b4 Bg7 15.
Rac1 Bh6 16. d5 cxd5 17. cxd5 Re8 18. dxe6 Rxe6 19. Nd5 Nxd5 20. Qxd5 Kh8 21.
Ne5 Qe7 22. Nc4 Bf8 23. Rd2 Qf6 24. Rcd1 Rb8 25. Qd4 Qxd4 1-0

[Event "Nez rouge A"]
[Site "Gatineau CAN"]
[Date "2006.11.28"]
[Round "2"]
[White "Laurin, Marcel"]
[Black "Laurin, Jacques"]
[Result "0-1"]
[WhiteElo "1632"]
[BlackElo "1811"]
[PlyCount "60"]
[EventDate "2006.11.21"]
[EventType "swiss"]
[EventRounds "5"]
[EventCountry "CAN"]

1. d4 d6 2. c4 Nf6 3. g3 g6 4. Bg2 Bg7 5. e4 O-O 6. Ne2 e5 7. d5 Nbd7 8. Nbc3
Nb6 9. b3 Nh5 10. Bf3 Nf6 11. Bg2 Bd7 12. Be3 Ng4 13. Bxb6 axb6 14. h3 Nh6 15.
O-O f5 16. Rc1 f4 17. f3 fxg3 18. Qe1 Bf6 19. Nxg3 Bh4 20. Rc2 Qg5 21. Kh2 Rf7
22. Nce2 Raf8 23. a4 Kh8 24. Qd2 Rf4 25. Rg1 Bxg3+ 26. Nxg3 Qh4 27. Rc3 Rxf3
28. Rxf3 Rxf3 29. Qe1 Ng4+ 30. Kh1 Nf2+ 0-1

[Event "Nez rouge A"]
[Site "Gatineau CAN"]
[Date "2006.11.28"]
[Round "2"]
[White "Libersan, Mattieu"]
[Black "Cossette, Daniel"]
[Result "0-1"]
[WhiteElo "1953"]
[BlackElo "2118"]
[PlyCount "144"]
[EventDate "2006.11.21"]
[EventType "swiss"]
[EventRounds "5"]
[EventCountry "CAN"]

1. e4 c5 2. d4 cxd4 3. c3 dxc3 4. Nxc3 Nc6 5. Nf3 e6 6. Bc4 Bc5 7. O-O Nge7 8.
Qe2 Ng6 9. Be3 Bxe3 10. Qxe3 a6 11. Rfd1 O-O 12. Rd2 Qe7 13. a3 f6 14. Rad1
Nge5 15. Ba2 b5 16. Nd4 Kh8 17. Nxc6 Nxc6 18. f4 Nd8 19. Qb6 b4 20. axb4 Nc6
21. Qc5 Rb8 22. Rd6 Nxb4 23. Bb1 a5 24. Qxa5 Nd5 25. R6xd5 exd5 26. Nxd5 Qd6
27. Qc3 Bb7 28. e5 fxe5 29. fxe5 Qc6 30. Qd3 Qc5+ 31. Kh1 g6 32. Nf6 Qxe5 33.
Nxd7 Qxb2 34. Qc2 Qxc2 35. Bxc2 Rf2 36. Nxb8 Rxc2 37. Rg1 Rd2 38. h3 Rd8 39.
Kh2 Rxb8 40. Rb1 Kg7 41. Kg3 Kf6 42. h4 Ke7 43. Kf4 Rf8+ 44. Kg3 Bd5 45. Ra1
Rf7 46. Ra6 Kf8 47. Rd6 Bb7 48. Rb6 Kg7 49. Rd6 Kh6 50. Rb6 Be4 51. Kh3 Rf2 52.
g4 Kg7 53. g5 h6 54. Rd6 hxg5 55. hxg5 Bf5+ 56. Kg3 Re2 57. Rb6 Kf7 58. Rd6 Re4
59. Rb6 Rg4+ 60. Kf3 Rxg5 61. Kf4 Rg4+ 62. Ke5 Re4+ 63. Kd5 Re1 64. Kd4 g5 65.
Kc3 Re6 66. Rb4 Kg6 67. Kd2 Kh5 68. Rd4 Re5 69. Rb4 g4 70. Rb8 Kg5 71. Rb4 Re4
72. Rb8 Kf4 0-1

[Event "Nez rouge A"]
[Site "Gatineau CAN"]
[Date "2006.11.28"]
[Round "2"]
[White "Malette, Martin"]
[Black "Desjardins, Michel"]
[Result "1-0"]
[WhiteElo "2057"]
[BlackElo "1898"]
[PlyCount "50"]
[EventDate "2006.11.21"]
[EventType "swiss"]
[EventRounds "5"]
[EventCountry "CAN"]

1. c4 e5 2. g3 Nc6 3. Bg2 g6 4. Nc3 Bg7 5. e3 f5 6. Nge2 Nge7 7. Rb1 d6 8. d4
e4 9. f3 exf3 10. Bxf3 O-O 11. O-O Kh8 12. b3 Re8 13. Nf4 Ng8 14. Rb2 Rb8 15.
Re2 Bd7 16. Bb2 Nf6 17. Nfd5 Nxd5 18. cxd5 Ne7 19. Rfe1 Ng8 20. e4 fxe4 21.
Rxe4 Rxe4 22. Nxe4 Nh6 23. Bc1 Nf5 24. Bb2 c5 25. dxc6 Bxc6 1-0

[Event "Nez rouge A"]
[Site "Gatineau CAN"]
[Date "2006.12.01"]
[Round "2"]
[White "Szalay, Karoly"]
[Black "Laferriere, Bruno"]
[Result "0-1"]
[WhiteElo "1865"]
[BlackElo "1844"]
[PlyCount "146"]
[EventDate "2006.11.21"]
[EventType "swiss"]
[EventRounds "5"]
[EventCountry "CAN"]

1. e4 c5 2. Nf3 Nc6 3. d4 cxd4 4. Nxd4 Nf6 5. Nc3 d6 6. Bg5 Qa5 7. Bxf6 gxf6 8.
Bc4 Qb4 9. Bb5 Bd7 10. Nb3 d5 11. Qxd5 e6 12. Qd2 O-O-O 13. O-O-O Qe7 14. Kb1
Rg8 15. g3 Qe8 16. Qe3 Kb8 17. Qf4+ e5 18. Qxf6 Be7 19. Qf3 Bg4 20. Rxd8+ Bxd8
21. Qd3 Bb6 22. f3 Be6 23. Nd5 Bd8 24. Nc5 Bc8 25. Qc3 Rg6 26. Nb4 Rd6 27. Ncd3
f6 28. Ba4 Bb6 29. Nd5 Bd4 30. Qa3 Qd8 31. c3 Bb6 32. Bb5 f5 33. Qa4 Be6 34.
Bxc6 bxc6 35. N5b4 fxe4 36. Nxe5 Kb7 37. Nbxc6 Qc7 38. Qb4 exf3 39. Rf1 Bf5+
40. Kc1 Rxc6 41. Nxc6 Qxc6 42. Qe7+ Ka6 43. Qe5 Qh6+ 44. Kd1 Qxh2 45. Rxf3 Qc2+
46. Ke1 Qb1+ 47. Ke2 Qxb2+ 48. Kf1 Bh3+ 49. Ke1 Qc1+ 50. Ke2 Bg4 51. Qe4 Qb2+
52. Kd1 Qa1+ 53. Kc2 Qxa2+ 54. Kc1 Bxf3 55. Qxf3 Qa3+ 56. Kc2 Qa4+ 57. Kb2 Qb5+
58. Kc2 Qd7 59. g4 Qe7 60. g5 Qxg5 61. Qd3+ Qb5 62. Qxh7 Qe2+ 63. Kb3 Qd1+ 64.
Kb2 Qd2+ 65. Kb3 Qd5+ 66. Kb2 Bc5 67. Qg6+ Ka5 68. Qf6 Be3 69. Qe7 Bc5 70. Qf6
Qc4 71. Qd8+ Ka4 72. Qf6 Ba3+ 73. Kc2 Qe2+ 0-1

[Event "Nez rouge A"]
[Site "Gatineau CAN"]
[Date "2006.12.05"]
[Round "3"]
[White "Arsenault, Michel"]
[Black "Gagnon, Fabien"]
[Result "1-0"]
[WhiteElo "2030"]
[BlackElo "2008"]
[PlyCount "67"]
[EventDate "2006.11.21"]
[EventType "swiss"]
[EventRounds "5"]
[EventCountry "CAN"]

1. c4 g6 2. g3 Bg7 3. Bg2 Nf6 4. Nc3 O-O 5. e4 d6 6. Nge2 c5 7. O-O Nc6 8. d3
Ne8 9. Be3 Nc7 10. d4 cxd4 11. Nxd4 Ne6 12. Nde2 Bd7 13. Qd2 Ne5 14. b3 Ng4 15.
Rad1 Bc6 16. Nd5 Re8 17. h3 Nxe3 18. Qxe3 Qa5 19. Rd2 b5 20. e5 Rac8 21. b4 Qa6
22. a4 Qxa4 23. Nec3 Qa6 24. Ra2 Qb7 25. Rxa7 Qb8 26. Nxe7+ Rxe7 27. Rxe7 Bxg2
28. Kxg2 Rxc4 29. Ra1 Bxe5 30. Qf3 Ng5 31. Qd5 Qb6 32. Raa7 Rd4 33. Qa8+ Kg7
34. Nd5 1-0

[Event "Nez rouge A"]
[Site "Gatineau CAN"]
[Date "2006.12.05"]
[Round "3"]
[White "Laurin, Jacques"]
[Black "Libersan, Mattieu"]
[Result "0-1"]
[WhiteElo "1811"]
[BlackElo "1953"]
[PlyCount "26"]
[EventDate "2006.11.21"]
[EventType "swiss"]
[EventRounds "5"]
[EventCountry "CAN"]

1. c4 b5 2. e4 Bb7 3. Qc2 e5 4. cxb5 Nf6 5. Nc3 Bc5 6. Nd5 d6 7. Nxf6+ Qxf6 8.
Nf3 O-O 9. Bc4 Qg6 10. Nxe5 Qxg2 11. Rf1 dxe5 12. d3 Nd7 13. Bd2 Qf3 0-1

[Event "Nez rouge A"]
[Site "Gatineau CAN"]
[Date "2006.12.05"]
[Round "3"]
[White "Pepin, Christian"]
[Black "Desjardins, Michel"]
[Result "1/2-1/2"]
[WhiteElo "2048"]
[BlackElo "1898"]
[PlyCount "68"]
[EventDate "2006.11.21"]
[EventType "swiss"]
[EventRounds "5"]
[EventCountry "CAN"]

1. e4 d5 2. exd5 Qxd5 3. d4 Nc6 4. Nf3 Bg4 5. Be2 e6 6. c4 Qa5+ 7. Nc3 Bb4 8.
O-O Bxc3 9. bxc3 Nge7 10. Rb1 b6 11. Rb5 Qxa2 12. d5 Rd8 13. Rb2 Qa5 14. Nd4
Bxe2 15. Qxe2 Nxd4 16. cxd4 Qa6 17. dxe6 O-O 18. Ra2 Qb7 19. Rd1 Kh8 20. d5
fxe6 21. Qxe6 Nf5 22. Ba3 Nd6 23. Rd4 Qc8 24. Qe2 Rde8 25. Qd3 Qf5 26. c5 Qxd3
27. Rxd3 Nb5 28. cxb6 Nxa3 29. Raxa3 axb6 30. Rd1 Kg8 31. Kf1 Rf7 32. f3 Rd7
33. Rb3 Red8 34. Rb5 Kf7 1/2-1/2

[Event "Nez rouge A"]
[Site "Gatineau CAN"]
[Date "2006.12.05"]
[Round "3"]
[White "Szalay, Karoly"]
[Black "Malette, Martin"]
[Result "0-1"]
[WhiteElo "1865"]
[BlackElo "2057"]
[PlyCount "108"]
[EventDate "2006.11.21"]
[EventType "swiss"]
[EventRounds "5"]
[EventCountry "CAN"]

1. e4 c5 2. Nf3 d6 3. d4 Nf6 4. Nc3 cxd4 5. Nxd4 g6 6. Be3 Bg7 7. f3 Nc6 8. Qd2
O-O 9. Bc4 Bd7 10. O-O-O Rc8 11. Bb3 Ne5 12. g4 Nc4 13. Bxc4 Rxc4 14. Kb1 Re8
15. h4 b5 16. h5 b4 17. Nce2 Qc7 18. hxg6 fxg6 19. Ng3 d5 20. e5 Qxe5 21. Bf4
Qxd4 22. Qxd4 Rxd4 23. Rxd4 e5 24. Bxe5 Rxe5 25. Rxb4 Bc6 26. Rb3 Re7 27. Rd1
Nd7 28. f4 Rf7 29. f5 Ne5 30. Rb4 Bf8 31. Rf4 g5 32. Rfd4 Bc5 33. Rxd5 Bxd5 34.
Rxd5 Rd7 35. c4 Rxd5 36. cxd5 Nxg4 37. Ne4 Be7 38. d6 Bd8 39. b4 Kf7 40. d7 Ne5
41. f6 g4 42. Kc2 Nxd7 43. Kd2 Nxf6 44. Nd6+ Ke6 45. Nb5 Bb6 46. a4 Nd5 47. a5
Bg1 48. Ke2 a6 49. Na3 Nxb4 50. Kf1 Bh2 51. Nc4 Bc7 52. Ke2 Nc6 53. Ne3 g3 54.
Kf3 Nxa5 0-1

[Event "Nez rouge A"]
[Site "Gatineau CAN"]
[Date "2006.12.12"]
[Round "4"]
[White "Chartrand, Jean Bruno"]
[Black "Gagnon, Fabien"]
[Result "1/2-1/2"]
[WhiteElo "1824"]
[BlackElo "2008"]
[PlyCount "126"]
[EventDate "2006.11.21"]
[EventType "swiss"]
[EventRounds "5"]
[EventCountry "CAN"]

1. d4 g6 2. c4 Bg7 3. e4 d6 4. Nc3 Nc6 5. Be3 Nf6 6. f3 e5 7. d5 Ne7 8. Qd2 Nd7
9. Nge2 f5 10. Nc1 O-O 11. Be2 f4 12. Bf2 Nf6 13. Nd3 g5 14. O-O-O a6 15. Kb1
Bd7 16. c5 b5 17. c6 Be8 18. g4 Bg6 19. h4 h6 20. Nc1 b4 21. Na4 Nxe4 22. fxe4
Bxe4+ 23. Bd3 Bxd5 24. Rh2 Bxc6 25. Bc2 Bf6 26. hxg5 Bxg5 27. Qe1 Kg7 28. Nc5
Qc8 29. Ne4 Rh8 30. Nxg5 hxg5 31. Rxh8 Qxh8 32. Nd3 Ng6 33. Qxb4 Qb8 34. Qc3
Qb7 35. Ka1 Rh8 36. Nb4 Bf3 37. Rg1 Rh2 38. Be1 Qb6 39. Rf1 Be2 40. Nd5 Qb7 41.
Rg1 Qxd5 42. Qxc7+ Kh6 43. Bc3 Qc5 44. Qxc5 dxc5 45. Bf5 f3 46. Bxg6 Kxg6 47.
Bxe5 Rh7 48. Rc1 Rd7 49. a3 Rd1 50. Rxd1 Bxd1 51. Bg3 Kf6 52. Kb1 Ke6 53. Kc1
Be2 54. Kd2 Kd5 55. Bf2 Ke4 56. Bxc5 Kf4 57. Kc3 Kxg4 58. Bf2 Kf4 59. Kd4 g4
60. Kc5 g3 61. Bxg3+ Kxg3 62. Kb6 f2 63. Kb7 f1=Q 1/2-1/2

[Event "Nez rouge A"]
[Site "Gatineau CAN"]
[Date "2006.12.12"]
[Round "4"]
[White "Desjardins, Michel"]
[Black "Laurin, Jacques"]
[Result "1-0"]
[WhiteElo "1898"]
[BlackElo "1811"]
[PlyCount "87"]
[EventDate "2006.11.21"]
[EventType "swiss"]
[EventRounds "5"]
[EventCountry "CAN"]

1. e4 d6 2. d4 Nf6 3. Nc3 c6 4. Nge2 Qa5 5. Ng3 e5 6. Be2 Be7 7. O-O Nbd7 8.
Nf5 Bf8 9. dxe5 Qxe5 10. f4 Qe6 11. Nd4 Qe7 12. Re1 Nc5 13. Bf3 Be6 14. Nxe6
fxe6 15. e5 dxe5 16. fxe5 Nd5 17. Ne4 Nxe4 18. Rxe4 O-O-O 19. Qe2 Qc5+ 20. Kh1
h5 21. c4 Nb4 22. Be3 Qa5 23. Bd2 Qc7 24. Be3 Be7 25. a3 Nd3 26. Bd4 Nc5 27.
Bxc5 Bxc5 28. b4 g5 29. bxc5 g4 30. Bxg4 hxg4 31. Rxg4 Rh5 32. Re1 Rxe5 33. Qf1
Rf5 34. Qe2 Qe5 35. Re4 Qxc5 36. Rxe6 Qf2 37. Qxf2 Rxf2 38. h4 c5 39. h5 Rdd2
40. Rg6 Rf4 41. h6 Rxc4 42. Re3 Rh4+ 43. Rh3 Rdd4 44. h7 1-0

[Event "Nez rouge A"]
[Site "Gatineau CAN"]
[Date "2006.12.12"]
[Round "4"]
[White "Forget, David"]
[Black "Brousseau, Yvan"]
[Result "1-0"]
[WhiteElo "1874"]
[BlackElo "2074"]
[PlyCount "53"]
[EventDate "2006.11.21"]
[EventType "swiss"]
[EventRounds "5"]
[EventCountry "CAN"]

1. d4 b6 2. c4 Bb7 3. Nc3 e6 4. Nf3 Bb4 5. Bg5 f6 6. Bd2 Ne7 7. e3 Nbc6 8. Bd3
Nf5 9. Bxf5 exf5 10. Nh4 g6 11. Nxf5 Bxc3 12. Bxc3 gxf5 13. Qh5+ Kf8 14. d5 Ne5
15. Qxf5 d6 16. f4 Bc8 17. Qh5 Ng6 18. O-O Kg7 19. Rf3 Rf8 20. Rg3 Kh8 21. Rxg6
Qe8 22. Rxf6 Qxe3+ 23. Kh1 Rxf6 24. Bxf6+ Kg8 25. Qg5+ Kf8 26. Qg7+ Ke8 27.
Qg8+ 1-0

[Event "Nez rouge A"]
[Site "Gatineau CAN"]
[Date "2006.12.12"]
[Round "4"]
[White "Guimond, Michel"]
[Black "Szalay, Karoly"]
[Result "1-0"]
[WhiteElo "1811"]
[BlackElo "1865"]
[PlyCount "45"]
[EventDate "2006.11.21"]
[EventType "swiss"]
[EventRounds "5"]
[EventCountry "CAN"]

1. e4 e5 2. Bc4 Nc6 3. a3 f5 4. exf5 d5 5. Qh5+ g6 6. fxg6 Nf6 7. g7+ Nxh5 8.
gxh8=Q Qg5 9. Bxd5 Nf6 10. Nf3 Qf5 11. Bxc6+ bxc6 12. d3 e4 13. Bh6 exf3 14.
Qxf8+ Kd7 15. Qf7+ Kd6 16. Bf8+ Ke5 17. Qxc7+ Kd4 18. O-O Be6 19. Bg7 Re8 20.
Qd6+ Bd5 21. Bxf6+ Re5 22. Qb4+ Bc4 23. Qxc4# 1-0

[Event "Nez rouge A"]
[Site "Gatineau CAN"]
[Date "2006.12.12"]
[Round "4"]
[White "Malette, Martin"]
[Black "Cossette, Daniel"]
[Result "1/2-1/2"]
[WhiteElo "2057"]
[BlackElo "2118"]
[PlyCount "108"]
[EventDate "2006.11.21"]
[EventType "swiss"]
[EventRounds "5"]
[EventCountry "CAN"]

1. e4 c5 2. Nf3 Nc6 3. Nc3 g6 4. d4 cxd4 5. Nxd4 Bg7 6. Be3 Nf6 7. Nxc6 bxc6 8.
e5 Nd5 9. Nxd5 cxd5 10. Qxd5 Rb8 11. Bc4 O-O 12. O-O Qc7 13. f4 d6 14. exd6
exd6 15. Bb3 Bxb2 16. Rad1 Re8 17. Bf2 Ba3 18. Qg5 Be6 19. f5 Bxb3 20. fxg6
hxg6 21. Bd4 Bc5 22. cxb3 Re5 23. Qf6 Bxd4+ 24. Rxd4 Re6 25. Qf2 Rbe8 26. Rd2
R8e7 27. Rc2 Qb6 28. Qxb6 axb6 29. Rd1 Kg7 30. Kf1 Rd7 31. Rc6 d5 32. Rdc1 Rdd6
33. Rxd6 Rxd6 34. Ke2 f5 35. Kd3 Kf6 36. Re1 f4 37. Kd4 g5 38. a4 g4 39. h3
gxh3 40. gxh3 Kg5 41. Rf1 Re6 42. Rg1+ Kf5 43. h4 f3 44. Kxd5 Rh6 45. Rh1 Kf4
46. b4 f2 47. Kc4 Ke3 48. Rf1 Rh5 49. Ra1 Ke2 50. Ra2+ Kf1 51. a5 b5+ 52. Kd4
Kg1 53. Ra1+ f1=Q 54. Rxf1+ Kxf1 1/2-1/2

[Event "Nez rouge A"]
[Site "Gatineau CAN"]
[Date "2006.12.12"]
[Round "4"]
[White "Pepin, Christian"]
[Black "Villeneuve, Luc"]
[Result "1-0"]
[WhiteElo "2048"]
[BlackElo "1560"]
[PlyCount "71"]
[EventDate "2006.11.21"]
[EventType "swiss"]
[EventRounds "5"]
[EventCountry "CAN"]

1. e4 e5 2. Nf3 Nc6 3. d4 exd4 4. Nxd4 Bc5 5. Be3 Qe7 6. Nc3 Nf6 7. Nf5 Qf8 8.
Nxg7+ Qxg7 9. Bxc5 d6 10. Be3 Be6 11. Qd2 O-O-O 12. O-O-O d5 13. e5 Ne4 14. Qe1
Qxe5 15. Bd2 Nxc3 16. Qxe5 Nxa2+ 17. Kb1 Nxe5 18. Kxa2 d4+ 19. Kb1 Ng4 20. Be1
c5 21. h3 Nf6 22. f3 Nd5 23. Bd2 Rhg8 24. g4 f5 25. Bd3 fxg4 26. hxg4 Rgf8 27.
Rde1 Bg8 28. f4 Nxf4 29. Bf5+ Rxf5 30. gxf5 Nd5 31. f6 Kd7 32. f7 Bxf7 33. Rxh7
Rf8 34. Bh6 Nf6 35. Bxf8 Nxh7 36. Re7+ 1-0

[Event "Nez rouge A"]
[Site "Gatineau CAN"]
[Date "2006.12.12"]
[Round "4"]
[White "Thibault, Mario"]
[Black "Libersan, Mattieu"]
[Result "1/2-1/2"]
[WhiteElo "1645"]
[BlackElo "1953"]
[PlyCount "111"]
[EventDate "2006.11.21"]
[EventType "swiss"]
[EventRounds "5"]
[EventCountry "CAN"]

1. Nf3 f5 2. b3 d6 3. Bb2 e5 4. d3 Nf6 5. e3 Nc6 6. Be2 g6 7. O-O Bg7 8. Nbd2
O-O 9. c4 Qe7 10. a3 a5 11. Qc2 Bd7 12. Rac1 Rae8 13. e4 f4 14. Nb1 Nd8 15. Nc3
c6 16. Na4 Nf7 17. Nb6 Bg4 18. b4 axb4 19. axb4 Bxf3 20. Bxf3 g5 21. c5 g4 22.
cxd6 Qxd6 23. Nc4 Qe7 24. Bd1 f3 25. Ne3 fxg2 26. Kxg2 Nh5 27. Nf5 Nf4+ 28. Kh1
Qg5 29. Rg1 h5 30. f3 Nh6 31. fxg4 hxg4 32. Nxh6+ Qxh6 33. Bxg4 Nh3 34. Bxh3
Qxh3 35. Qg2 Qf3 36. Rc2 Kh7 37. Rf2 Qxg2+ 38. Rfxg2 Bh6 39. Bc1 Bxc1 40. Rxc1
Rd8 41. Rcg1 Rxd3 42. Rg5 Rf6 43. Rxe5 Rg6 44. Re7+ Kh6 45. Rxb7 Rd4 46. Rxg6+
Kxg6 47. e5 Kf5 48. Rb6 Kxe5 49. Rxc6 Rxb4 50. Rc2 Kf5 51. Kg2 Rb3 52. Rf2+ Kg4
53. Ra2 Rc3 54. h3+ Kh4 55. Ra4+ Kg5 56. Ra5+ 1/2-1/2

[Event "Nez rouge A"]
[Site "Gatineau CAN"]
[Date "2006.12.19"]
[Round "5"]
[White "Cossette, Daniel"]
[Black "Thibault, Mario"]
[Result "1-0"]
[WhiteElo "2118"]
[BlackElo "1645"]
[PlyCount "77"]
[EventDate "2006.11.21"]
[EventType "swiss"]
[EventRounds "5"]
[EventCountry "CAN"]

1. e4 c5 2. Nc3 g6 3. g3 Nc6 4. Bg2 Bg7 5. d3 d6 6. f4 Nf6 7. Nf3 Bg4 8. h3
Bxf3 9. Qxf3 Rb8 10. O-O O-O 11. Be3 Nd7 12. Nd1 b5 13. a3 a5 14. g4 b4 15.
axb4 axb4 16. g5 e5 17. f5 Nd4 18. Bxd4 exd4 19. f6 Ne5 20. Qg3 Bh8 21. Nf2 h5
22. b3 Ra8 23. Rxa8 Qxa8 24. Qf4 Qa2 25. Qc1 Ra8 26. h4 Qa6 27. Nh3 Qc8 28. Qd1
Ng4 29. Qe2 Ra2 30. Nf4 Ne5 31. Bh3 Qb7 32. Qd1 Kf8 33. Nxh5 d5 34. exd5 Qxd5
35. Nf4 Qd6 36. h5 gxh5 37. Qxh5 Bxf6 38. gxf6 Qxf6 39. Ne6+ 1-0